000 00344nam a2200133Ia 4500
008 240624s9999 xx 000 0 und d
041 _aeng
082 _a657.45 VEN
100 _aVENKATARAMAN V
245 _aAUDIT COMMITTEE HANDBOOK
260 _c2005
_aNew Delhi
_bTata McGraw- Hill
300 _axiv, : 263 : p. : cm. ; 24
365 _cRS
_b34
999 _c11602
_d11602